000 00481nam a2200181Ia 4500
005 20250423101539.0
008 250422s9999 xx 000 0 und d
020 _a9781119382928
050 _aQP 34.5 .T67/
100 _aTortora, Gerard J.
245 0 _aTortora’s principles of anatomy & physiology
260 _aNew York
260 _bJohn Wiley & Sons, Inc.
260 _c2017
300 _a989 p
650 _a Human physiology. Human anatomy.
942 _cBK
999 _c36605
_d36605